| 000 | 00459nam a2200133Ia 4500 | ||
|---|---|---|---|
| 008 | 231129s2006||||xx |||||||||||||| ||spa|| | ||
| 020 | _a978-958-9451-13-7 | ||
| 082 | _a370.98 R311r | ||
| 100 | _aílvarez Jaramillo Luis Evelio. | ||
| 245 | 0 | _a¿Recorre la civilización el mismo camino del sol?: Pedagogía subjetividad y cultura | |
| 260 | _c2006 | ||
| 264 | _aPopayán : Fondo Editorial de Cauca | ||
| 942 |
_2ddc _cBKS |
||
| 999 |
_c4421 _d4421 |
||